banner-ar

INTERNATIONAL AND GLOBAL MARKETING: CONCEPTS AND CASES / (Record no. 11649)

MARC details
000 -الفاتح
حقل البيانات ثابتة الطول 00490nam a2200181Ia 4500
008 - عناصر البيانات ثابتة الطول - معلومات عامة
حقل البيانات ثابتة الطول 140319s9999 xx 000 0 eng d
040 ## - مصدر الفهرسة
وكالة الفهرسة الأصلية GCL /
وكالة النسخ GCL
082 04 - رقم تصنيف ديوى العشرى
رقم التصنيف 658.848
رقم المادة M I
100 1# - المدخل الرئيسى - إسم شخصى
الإسم الشخصى MELOAN, TAYLOR W.
245 10 - بيان العنوان
العنوان INTERNATIONAL AND GLOBAL MARKETING: CONCEPTS AND CASES /
بيان المسئوليه,etc MELOAN, TAYLOR W.
700 1# - المدخل الاضافى - اسم شخصى
الإسم الشخصى GRAHAM, JOHN J.
260 ## - PUBLICATION, DISTRIBUTION, ETC. (IMPRINT)
تاريخ النشر أو التوزيع 1995
300 ## - الوصف المادى
التعداد 640 P
650 04 - المدخل الاضافى بالموضوع-مصطلح موضوعى
مصطلح موضوعي CASE STUDIES
650 04 - المدخل الاضافى بالموضوع-مصطلح موضوعى
مصطلح موضوعي EXPORT MARKETING
942 ## - عناصر المدخل الإضافي( كوها)
مصدر التصنيف او مخطط الترفيف Dewey Decimal Classification
Koha [default] item type كتاب
260 ## - PUBLICATION, DISTRIBUTION, ETC. (IMPRINT)
-- [S.N] :
-- IRWIN ،
Holdings
حالة التراجع حالة الفقد حالة تلف ليس للاعارة المكان المؤقت الموقع الحالى تاريخ الاكتساب اجمالي اﻻعارات رقم الطلب الباركود تاريخ اخر مشاهدة تاريخ تفعيل السعر نوع وعاء كوها
        مكتبة القاهرة الكبرى مكتبة القاهرة الكبرى 03/26/2014   658.848\M I 22944 03/26/2014 03/26/2014 كتاب

Powered By

EGPV